| 000 | 01260cam a2200337 i 4500 | ||
|---|---|---|---|
| 001 | 558 | ||
| 005 | 20230616132547.0 | ||
| 008 | 150909s2016 nyu c 000 1 eng | ||
| 020 | _a9780316340878 (hardback) | ||
| 020 | _z9780316340892 (ebook) | ||
| 040 |
_aDLC _beng _cDLC _erda _dDLC |
||
| 050 | 0 | 0 |
_aPZ7.L876352 _bNo 2016 |
| 082 | 0 | 0 |
_a[Fic] _223 |
| 100 | 1 |
_aLópez, Diana, _eauthor. |
|
| 245 | 1 | 0 |
_aNothing up my sleeve / _cDiana López. |
| 250 | _aFirst edition. | ||
| 260 |
_aNew York : _bScholastic. _c2016. |
||
| 300 |
_a385 pages ; _c20 cm |
||
| 505 | _aM | ||
| 520 | _aWhen best friends Dominic, Loop, and Z stumble upon the new magic shop in town, they know just how they will spend their summer vacation--mastering cool tricks so they can gain further access into the secret world of magic. | ||
| 521 |
_a730
_bLexile |
||
| 521 |
_aM
_bRaz-Plus |
||
| 650 | 1 |
_aMagic tricks _vFiction. |
|
| 650 | 1 |
_aMagicians _vFiction. |
|
| 650 | 1 |
_aFriendship _vFiction. |
|
| 650 | 7 |
_aJUVENILE FICTION / Family / Alternative Family. _2bisacsh |
|
| 650 | 7 |
_aJUVENILE FICTION / Fantasy & Magic. _2bisacsh |
|
| 650 | 7 |
_aJUVENILE FICTION / Social Issues / Friendship. _2bisacsh |
|
| 906 |
_a7 _bcbc _corignew _d1 _eecip _f20 _gy-gencatlg |
||
| 942 |
_2ddc _cBK _n0 |
||
| 999 |
_c558 _d558 |
||